NBA Most Improved Players - Statistics

General Stats
  • This quiz has been taken 11 times
  • The average score is 8 of 41
Answer Stats
Hint Answer % Correct
2026 Nickel Alexander-Walker
73%
2017 Giannis Antetokounmpo
64%
2025 Dyson Daniels
45%
2022 Ja Morant
45%
1989 Kevin Johnson
45%
2024 Tyrese Maxey
45%
2005 Bobby Simmons
27%
2011 Kevin Love
27%
2013 Paul George
27%
2018 Victor Oladipo
27%
2016 C.J. McCollum
18%
1987 Dale Ellis
18%
2009 Danny Granger
18%
2003 Gilbert Arenas
18%
2000 Jalen Rose
18%
2015 Jimmy Butler
18%
2021 Julius Randle
18%
2023 Lauri Markkanen
18%
2007 Monta Ellis
18%
2019 Pascal Siakam
18%
1992 Pervis Ellison
18%
2010 Aaron Brooks
9%
1998 Alan Henderson
9%
1986 Alvin Robertson
9%
2006 Boris Diaw
9%
1995 Dana Barros
9%
1999 Darrel Armstrong
9%
1994 Don MacLean
9%
2014 Goran Dragic
9%
2008 Hedo Turkoglu
9%
1997 Isaac Austin
9%
2002 Jermaine O'Neal
9%
1988 Kevin Duckworth
9%
1993 Mahmoud Abdul-Rauf
9%
1990 Rony Seikaly
9%
2012 Ryan Anderson
9%
1991 Scott Skiles
9%
2001 Tracy McGrady
9%
2020 Brandon Ingram
0%
1996 Gheorghe Muresan
0%
2004 Zach Randolph
0%
No matching quizzes found
Score Distribution
Percent of People with Each Score
Percentile by Number Answered
Your Score History
You have not taken this quiz